[Event "Noisiel op 5th"]
[Site "Noisiel"]
[Date "2020.02.20"]
[Round "9"]
[White "Bagheri, Amir"]
[Black "Ahmed Holi Ali, Moawia"]
[Result "1-0"]
[WhiteElo "2361"]
[BlackElo "2121"]
[PlyCount "113"]
[EventDate "2020.02.15"]
[EventType "swiss"]
[EventRounds "9"]
[EventCountry "FRA"]
[SourceTitle "CBM 195 Extra"]
[Source "ChessBase"]
[SourceDate "2020.05.31"]
[SourceVersion "1"]
[SourceVersionDate "2020.05.31"]
[SourceQuality "1"]

1. Nf3 Nf6 2. c4 e6 3. g3 d5 4. Bg2 c6 5. b3 Be7 6. 0-0 0-0 7. Bb2 Nbd7 8. d3 a5 9. Nbd2 b5 10. a3 Ba6 11. Rc1 Rb8 12. Nd4 Qb6 13. cxd5 cxd5 14. Nc6 Rbe8 15. b4 axb4 16. Nxe7+ Rxe7 17. axb4 Rc8 18. Nb3 Qd6 19. Qd2 e5 20. Bh3 Rxc1 21. Rxc1 h6 22. Na5 Nb8 23. e3 d4 24. exd4 exd4 25. Bg2 Re8 26. Nb3 Nd5 27. Bxd4 Nc6 28. Bc5 Qe6 29. Nd4 Nxd4 30. Bxd4 Bc8 31. Bc5 Bd7 32. h3 Bc6 33. Bd4 Rd8 34. Re1 Qd7 35. Ba1 Qd6 36. Qb2 Qf8 37. Rc1 Ba8 38. Rc5 Nxb4 39. Qxb4 Bxg2 40. Kxg2 Rxd3 41. Qg4 Rd8 42. Rxb5 Kh8 43. Rb7 Kg8 44. Rc7 Ra8 45. Bc3 Rb8 46. Kh2 Ra8 47. h4 Rd8 48. Qf5 Rb8 49. Rc4 f6 50. Rg4 Rb6 51. Bd2 Kh8 52. Rc4 Rb8 53. Bf4 Ra8 54. Rc7 Re8 55. Bxh6 Re5 56. Qxe5 fxe5 57. Bxg7+ 1-0

[Event "Noisiel op 5th"]
[Site "Noisiel"]
[Date "2020.02.19"]
[Round "7"]
[White "Moreby, James"]
[Black "Ahmed Holi Ali, Moawia"]
[Result "1-0"]
[WhiteElo "2235"]
[BlackElo "2121"]
[PlyCount "109"]
[EventDate "2020.02.15"]
[EventType "swiss"]
[EventRounds "9"]
[EventCountry "FRA"]
[SourceTitle "CBM 195 Extra"]
[Source "ChessBase"]
[SourceDate "2020.05.31"]
[SourceVersion "1"]
[SourceVersionDate "2020.05.31"]
[SourceQuality "1"]

1. d4 Nf6 2. Nc3 d5 3. Bf4 a6 4. e3 Bf5 5. f3 h6 6. g4 Bg6 7. h4 e6 8. Bd3 Bxd3 9. Qxd3 Bd6 10. Nge2 c5 11. dxc5 Bxc5 12. 0-0-0 Nc6 13. a3 b5 14. Nd4 Nxd4 15. exd4 Bd6 16. Be5 Rc8 17. Rhe1 Bxe5 18. dxe5 Nd7 19. h5 0-0 20. f4 Rc4 21. Qd2 Qh4 22. b3 Rc7 23. Ne2 Rfc8 24. Nd4 Nc5 25. Kb2 Qxg4 26. Qh2 Nxb3 27. cxb3 Rc3 28. Rg1 Rh3 29. Qg2 Qxg2+ 30. Rxg2 Rxh5 31. Rc2 Rxc2+ 32. Kxc2 Rh4 33. f5 Re4 34. fxe6 Rxe5 35. exf7+ Kxf7 36. Rf1+ Kg6 37. Kd3 h5 38. Nf3 Re4 39. Re1 Kf5 40. Rf1 g5 41. Nh4+ Kg4 42. Nf5 h4 43. Ne3+ Kh5 44. Nxd5 Re6 45. Ne3 h3 46. Rf8 Rh6 47. Rf2 g4 48. Nf5 Rh8 49. Ke2 Rc8 50. Ng3+ Kh4 51. Nf5+ Kg5 52. Ng3 Rc2+ 53. Kf1 Rc1+ 54. Ke2 Rb1 55. Ne4+ 1-0

[Event "Asnieres Challenge blitz"]
[Site "Asnieres sur Seine"]
[Date "2017.06.11"]
[Round "7.1"]
[White "Ahmed Holi Ali, Moawia"]
[Black "Karagyozian, Edgar"]
[Result "0-1"]
[WhiteElo "2280"]
[BlackElo "2360"]
[PlyCount "110"]
[EventDate "2017.06.10"]
[EventType "swiss (blitz)"]
[EventRounds "15"]
[EventCountry "FRA"]
[SourceTitle "EXT 2024"]
[Source "ChessBase"]
[SourceDate "2023.10.10"]
[SourceVersion "1"]
[SourceVersionDate "2023.10.10"]
[SourceQuality "1"]

1. e4 d5 2. exd5 Nf6 3. Bb5+ Bd7 4. Bxd7+ Qxd7 5. Nf3 Nxd5 6. Nc3 e6 7. 0-0 Be7 8. Ne5 Qd8 9. d4 0-0 10. Nxd5 Qxd5 11. Be3 Nc6 12. c4 Qd6 13. c5 Qd5 14. Qb3 Rfd8 15. Qxd5 Rxd5 16. Nxc6 bxc6 17. Rac1 Bf6 18. Rc4 Rb8 19. b3 h6 20. f4 Rbd8 21. Rd1 g5 22. g3 Kg7 23. Kf2 g4 24. Ke2 Kg6 25. Ra4 Ra8 26. Ra6 Kf5 27. Rxc6 Rd7 28. Kd3 h5 29. Ra6 h4 30. Ra5 Rd5 31. b4 hxg3 32. hxg3 Rb8 33. a3 Rb7 34. Rh1 Kg6 35. Kc4 c6 36. Ra6 Rc7 37. a4 Kf5 38. Rh5+ Ke4 39. Rh6 Bxd4 40. Bxd4 Rxd4+ 41. Kc3 Rd3+ 42. Kc2 Rxg3 43. Rh1 Kxf4 44. Rf1+ Rf3 45. Rd1 g3 46. b5 cxb5 47. c6 b4 48. Rd7 Rc3+ 49. Kd2 R3xc6 50. Rxa7 Rxa7 51. Rxa7 g2 52. Rxf7+ Ke4 53. Rg7 b3 54. Rxg2 Rc2+ 55. Kd1 Rxg2 0-1

[Event "Asnieres Challenge blitz"]
[Site "Asnieres sur Seine"]
[Date "2017.06.10"]
[Round "5.2"]
[White "Ahmed Holi Ali, Moawia"]
[Black "Sotelo, Renzo"]
[Result "1/2-1/2"]
[WhiteElo "2280"]
[BlackElo "2070"]
[PlyCount "82"]
[EventDate "2017.06.10"]
[EventType "swiss (blitz)"]
[EventRounds "15"]
[EventCountry "FRA"]
[SourceTitle "EXT 2024"]
[Source "ChessBase"]
[SourceDate "2023.10.10"]
[SourceVersion "1"]
[SourceVersionDate "2023.10.10"]
[SourceQuality "1"]

1. e4 e5 2. Nf3 Nc6 3. d4 exd4 4. Bc4 Be7 5. c3 d3 6. Qxd3 d6 7. 0-0 Nf6 8. Bb3 0-0 9. Bg5 Be6 10. Nbd2 Qd7 11. h3 Rad8 12. Rfe1 Ne5 13. Nxe5 dxe5 14. Qxd7 Bxd7 15. Nc4 h6 16. Bh4 Be6 17. Nxe5 Bxb3 18. axb3 a6 19. Re2 Rfe8 20. Bxf6 Bxf6 21. Nf3 Re6 22. Kf1 c5 23. e5 Be7 24. Nd2 Bg5 25. Nc4 Be7 26. f4 g6 27. Na5 Rb6 28. g3 Rd3 29. Kf2 h5 30. h4 Kg7 31. Re3 Rd2+ 32. Re2 Rd3 33. Rae1 Bd8 34. Re3 Rd1 35. R1e2 Rb5 36. Kf3 Rxb3 37. Nc4 Be7 38. Rd3 Rb1 39. Rd7 b5 40. Rxe7 bxc4 41. Ra7 Kf8 1/2-1/2

[Event "Asnieres Challenge blitz"]
[Site "Asnieres sur Seine"]
[Date "2017.06.10"]
[Round "8.4"]
[White "Decuigniere, Tom"]
[Black "Ahmed Holi Ali, Moawia"]
[Result "1-0"]
[WhiteElo "1980"]
[BlackElo "2280"]
[PlyCount "55"]
[EventDate "2017.06.10"]
[EventType "swiss (blitz)"]
[EventRounds "15"]
[EventCountry "FRA"]
[SourceTitle "EXT 2024"]
[Source "ChessBase"]
[SourceDate "2023.10.10"]
[SourceVersion "1"]
[SourceVersionDate "2023.10.10"]
[SourceQuality "1"]

1. c4 g6 2. g3 Bg7 3. Bg2 c6 4. Nf3 d6 5. 0-0 Nf6 6. Nc3 0-0 7. d3 e5 8. Rb1 h6 9. b4 Be6 10. Nd2 Qd7 11. b5 Bh3 12. Qa4 Bxg2 13. Kxg2 c5 14. Qc2 b6 15. a4 Qe6 16. e4 Nbd7 17. h3 h5 18. h4 Ng4 19. Nd5 Rac8 20. Nf3 Ndf6 21. Nxf6+ Bxf6 22. Bg5 Bg7 23. Bd2 f6 24. Ra1 f5 25. Ng5 Qe7 26. f3 Nh6 27. Qc1 f4 28. Bc3 1-0

[Event "Asnieres Challenge blitz"]
[Site "Asnieres sur Seine"]
[Date "2017.06.10"]
[Round "6.3"]
[White "Menetrier, Manuel"]
[Black "Ahmed Holi Ali, Moawia"]
[Result "0-1"]
[WhiteElo "1920"]
[BlackElo "2280"]
[PlyCount "82"]
[EventDate "2017.06.10"]
[EventType "swiss (blitz)"]
[EventRounds "15"]
[EventCountry "FRA"]
[SourceTitle "EXT 2024"]
[Source "ChessBase"]
[SourceDate "2023.10.10"]
[SourceVersion "1"]
[SourceVersionDate "2023.10.10"]
[SourceQuality "1"]

1. d4 d5 2. Nf3 c6 3. e3 Bg4 4. h3 Bxf3 5. Qxf3 Nd7 6. c4 e6 7. Nc3 Ngf6 8. Bd3 Bb4 9. Bd2 0-0 10. 0-0 Rc8 11. a3 Bd6 12. c5 Bb8 13. e4 dxe4 14. Nxe4 Nxe4 15. Qxe4 Nf6 16. Qh4 h6 17. Rad1 Nd5 18. Qe4 Nf6 19. Qh4 Qd5 20. Rfe1 Qh5 21. Qxh5 Nxh5 22. Be3 Rcd8 23. Be4 Nf6 24. Bc2 Rd7 25. g3 Rfd8 26. Kg2 Nd5 27. Bb3 f5 28. Kf1 Kf7 29. Bc2 g5 30. b4 Nc3 31. Rd3 Nb5 32. Red1 f4 33. Bc1 fxg3 34. fxg3 Rxd4 35. Rf3+ Ke7 36. Re1 Rc4 37. Bf5 Rxc1 38. Rxc1 exf5 39. Rxf5 Bxg3 40. Kg2 Ke6 41. Rcf1 Bf4 0-1

[Event "Olympiad-41"]
[Site "Tromsoe"]
[Date "2014.08.14"]
[Round "11.3"]
[White "Hanoeman, Suradj"]
[Black "Ahmed Holi Ali, Moawia"]
[Result "0-1"]
[WhiteElo "2024"]
[BlackElo "2067"]
[PlyCount "92"]
[EventDate "2014.08.02"]
[EventType "team-swiss"]
[EventRounds "11"]
[EventCountry "NOR"]
[SourceTitle "CBM 162"]
[Source "ChessBase"]
[SourceDate "2014.09.17"]
[SourceVersion "1"]
[SourceVersionDate "2014.09.17"]
[SourceQuality "1"]
[WhiteTeam "Surinam"]
[BlackTeam "Sudan"]
[WhiteTeamCountry "SUR"]
[BlackTeamCountry "SUD"]

1. d4 Nf6 2. c4 e6 3. Nc3 d5 4. Nf3 c6 5. cxd5 cxd5 6. Bf4 Be7 7. e3 0-0 8. Bd3 a6 9. 0-0 Nbd7 10. Qe2 Nh5 11. Rad1 b5 12. a3 Bb7 13. Ne5 Nxf4 14. exf4 g6 15. Rfe1 Bf6 16. Qg4 Bg7 17. h4 Rc8 18. Qh3 h5 19. Nxg6 fxg6 20. Qxe6+ Kh8 21. Qxg6 Nf6 22. Re6 Kg8 23. Rde1 Rf7 24. R1e5 Rc6 25. Bf5 Kf8 26. Rxc6 Bxc6 27. Be6 Re7 28. g4 hxg4 29. Bxg4 Be8 30. Qg5 Nxg4 31. Rxe7 Qxe7 32. Qxg4 Bxd4 33. Ne2 Bxb2 34. f5 Qg7 35. Qg5 Bf6 36. Qxg7+ Kxg7 37. Nf4 Bf7 38. Kf1 Bxh4 39. Ke2 Be7 40. Kd3 Bxa3 41. Ne2 Bb2 42. Kc2 Bf6 43. Nc1 a5 44. Nb3 a4 45. Nc5 Bd4 46. Nd3 Kf6 0-1

[Event "Olympiad-41"]
[Site "Tromsoe"]
[Date "2014.08.08"]
[Round "6.3"]
[White "Ahmed Holi Ali, Moawia"]
[Black "Rakotoniaina, Antsiva"]
[Result "1-0"]
[WhiteElo "2067"]
[BlackElo "2014"]
[PlyCount "121"]
[EventDate "2014.08.02"]
[EventType "team-swiss"]
[EventRounds "11"]
[EventCountry "NOR"]
[SourceTitle "CBM 162"]
[Source "ChessBase"]
[SourceDate "2014.09.17"]
[SourceVersion "1"]
[SourceVersionDate "2014.09.17"]
[SourceQuality "1"]
[WhiteTeam "Sudan"]
[BlackTeam "Madagascar"]
[WhiteTeamCountry "SUD"]
[BlackTeamCountry "MAD"]

1. e4 c5 2. Ne2 e6 3. d4 cxd4 4. Nxd4 Nf6 5. Nc3 Bb4 6. Bd3 Nc6 7. Nxc6 bxc6 8. Bd2 d5 9. e5 Nd7 10. Qg4 Bf8 11. f4 Qb6 12. Nd1 Nc5 13. Qf3 Nxd3+ 14. Qxd3 Ba6 15. Qb3 Rb8 16. Qxb6 Rxb6 17. b3 Ba3 18. Be3 c5 19. c3 Rb7 20. Bc1 Bxc1 21. Rxc1 f6 22. exf6 gxf6 23. Kf2 Re7 24. Ne3 Bb7 25. Rcd1 Rd7 26. Rhe1 Kf7 27. Rd2 Rhd8 28. Red1 h5 29. h3 d4 30. cxd4 cxd4 31. Nc2 e5 32. fxe5 fxe5 33. Kg3 Rd6 34. Kh4 Be4 35. Ne1 Rf6 36. g3 Ke6 37. Rc1 Rf1 38. Re2 d3 39. Rxe4 d2 40. Rd1 dxe1Q 41. Rdxe1 Rxe1 42. Rxe1 Rd3 43. Rg1 e4 44. Kxh5 e3 45. h4 e2 46. Re1 Re3 47. g4 Kf6 48. g5+ Kf5 49. Kh6 Re6+ 50. Kg7 Re4 51. g6 Re7+ 52. Kf8 Kf6 53. h5 a5 54. a3 Re3 55. g7 Rxb3 56. Rxe2 Rb8+ 57. Re8 Rxe8+ 58. Kxe8 Kxg7 59. Kd7 Kh6 60. Kc6 Kxh5 61. Kb5 1-0

[Event "Olympiad-41"]
[Site "Tromsoe"]
[Date "2014.08.06"]
[Round "5.4"]
[White "Ahmed Holi Ali, Moawia"]
[Black "Krupenski, Juri"]
[Result "0-1"]
[WhiteElo "2067"]
[BlackElo "2277"]
[PlyCount "72"]
[EventDate "2014.08.02"]
[EventType "team-swiss"]
[EventRounds "11"]
[EventCountry "NOR"]
[SourceTitle "CBM 162"]
[Source "ChessBase"]
[SourceDate "2014.09.17"]
[SourceVersion "1"]
[SourceVersionDate "2014.09.17"]
[SourceQuality "1"]
[WhiteTeam "Sudan"]
[BlackTeam "Estonia"]
[WhiteTeamCountry "SUD"]
[BlackTeamCountry "EST"]

1. e4 c5 2. Nf3 d6 3. d4 cxd4 4. Nxd4 Nf6 5. Nc3 a6 6. h3 e5 7. Nb3 Be6 8. Bg5 Nbd7 9. Qd2 h6 10. Be3 b5 11. f3 Nb6 12. g4 Be7 13. h4 Nc4 14. Bxc4 bxc4 15. Nc1 d5 16. exd5 Nxd5 17. Bf2 Rb8 18. Nd1 Rxb2 19. Qe2 Bb4+ 20. Kf1 Nf4 21. Nxb2 Nxe2 22. Nxe2 Qd5 23. Kg2 Bxg4 24. Ng1 e4 25. fxg4 e3+ 26. Nf3 exf2 27. Kxf2 0-0 28. Rad1 Qc5+ 29. Kg3 Ba3 30. Rb1 Qd6+ 31. Kg2 Qf4 32. Rh3 Bd6 33. Nh2 Qd2+ 34. Kh1 Qxc2 35. Rd1 Bb8 36. g5 h5 0-1

[Event "Arab Clubs-chT"]
[Site "Marrakesh"]
[Date "2014.05.30"]
[Round "8"]
[White "Cheiguer, Mohamed Abdellahi"]
[Black "Ahmed Holi Ali, Moawia"]
[Result "0-1"]
[WhiteElo "1816"]
[BlackElo "2057"]
[PlyCount "94"]
[EventDate "2014.05.24"]
[EventType "team-swiss"]
[EventRounds "9"]
[EventCountry "MAR"]
[SourceTitle "EXT 2018"]
[Source "ChessBase"]
[SourceDate "2017.10.13"]
[SourceVersion "1"]
[SourceVersionDate "2017.10.13"]
[SourceQuality "1"]
[WhiteTeam "Karama"]
[BlackTeam "Hilal"]
[WhiteTeamCountry "MAU"]
[BlackTeamCountry "SUD"]

1. e4 e5 2. Nf3 Nc6 3. d4 exd4 4. Bc4 Nf6 5. e5 d5 6. Bb5 Ne4 7. Nxd4 Bc5 8. Be3 Bxd4 9. Bxd4 0-0 10. Bxc6 bxc6 11. Nd2 Qg5 12. Rg1 Qh6 13. h3 Qg6 14. g4 Nxd2 15. Qxd2 Qe4+ 16. Be3 Qxe5 17. 0-0-0 a5 18. Bd4 Qd6 19. Qg5 f6 20. Qe3 Qe6 21. Qxe6+ Bxe6 22. Rge1 Kf7 23. a4 h5 24. f3 hxg4 25. hxg4 Rh8 26. Rh1 Bd7 27. Kd2 c5 28. Bxc5 Bxa4 29. Rde1 Rxh1 30. Rxh1 c6 31. Re1 Rh8 32. Re7+ Kg6 33. b3 Bb5 34. Ra7 Re8 35. Rxa5 Be2 36. f4 Bxg4 37. Ra6 Re2+ 38. Kd3 Re6 39. Ra7 Re8 40. Rc7 Be2+ 41. Kd2 Bb5 42. c4 dxc4 43. bxc4 Bxc4 44. Rxc6 Kf5 45. Be3 Bf1 46. Rc7 g6 47. Rc5+ Ke4 0-1

[Event "Dubai op 16th"]
[Site "Dubai"]
[Date "2014.04.15"]
[Round "9"]
[White "Ahmed Holi Ali, Moawia"]
[Black "Deshpande, Aniruddha"]
[Result "1/2-1/2"]
[WhiteElo "2039"]
[BlackElo "2287"]
[PlyCount "179"]
[EventDate "2014.04.07"]
[EventType "swiss"]
[EventRounds "9"]
[EventCountry "UAE"]
[SourceTitle "CBM 159 Extra"]
[Source "ChessBase"]
[SourceDate "2014.04.24"]
[SourceVersion "1"]
[SourceVersionDate "2014.04.24"]
[SourceQuality "1"]

1. c4 e5 2. g3 Nc6 3. Bg2 d6 4. Nc3 Be6 5. d3 g6 6. Nf3 Bg7 7. 0-0 Nge7 8. Rb1 h6 9. a3 Qd7 10. Re1 0-0 11. b4 d5 12. cxd5 Nxd5 13. Ne4 b6 14. Bb2 Nd4 15. Ned2 Bh3 16. Bh1 Rae8 17. e3 Nxf3+ 18. Bxf3 Rd8 19. Nc4 Rfe8 20. Qc2 Qf5 21. Nd2 Nf6 22. e4 Qd7 23. Be2 Nh7 24. Rec1 Re7 25. Qc6 h5 26. Qxd7 Rdxd7 27. Rc6 Be6 28. Nc4 Bxc4 29. Rxc4 a6 30. Rbc1 Ng5 31. Rc6 Ne6 32. Kf1 Kf8 33. R1c2 Ke8 34. h4 Kd8 35. Ke1 Nd4 36. Bxd4 Rxd4 37. R2c3 Red7 38. R3c4 Bf8 39. Rxd4 Rxd4 40. Rc4 Rd7 41. Kd2 c5 42. bxc5 Bxc5 43. g4 Bxf2 44. gxh5 gxh5 45. Bxh5 Bxh4 46. Rc6 Bf2 47. a4 Bc5 48. Bd1 f6 49. Rxf6 Rg7 50. Bb3 Rg2+ 51. Kd1 Rb2 52. Bc2 Ke7 53. Rg6 Bd4 54. Kc1 Rb4 55. Kd2 Kd7 56. Rf6 Kc7 57. Rf1 Rb2 58. Rf6 Kb7 59. Kc1 b5 60. axb5 Rxb5 61. Rd6 Rb4 62. Bb1 Be3+ 63. Kc2 Bc5 64. Re6 Bd4 65. Kc1 Ra4 66. Re7+ Kb6 67. Re8 Ra5 68. Rb8+ Kc7 69. Rb4 Kd6 70. Bc2 Rc5 71. Rc4 Rb5 72. Ba4 Rb6 73. Kc2 Bc5 74. Bb3 a5 75. Kb2 Rb8 76. Ka2 Rh8 77. Ba4 Rh3 78. Rc3 Rh8 79. Rc2 Rh1 80. Rc4 Rh7 81. Rc1 Rc7 82. Rc2 Ke6 83. Rh2 Be3 84. Rc2 Rb7 85. Rc6+ Ke7 86. Bb3 Bd4 87. Ra6 Bc3 88. Rc6 Bd4 89. Ra6 Bc3 90. Rc6 1/2-1/2

[Event "Cairo zt 4.2"]
[Site "Cairo"]
[Date "2013.05.02"]
[Round "4"]
[White "Shoker, Samy"]
[Black "Ahmed Holi Ali, Moawia"]
[Result "1-0"]
[WhiteElo "2480"]
[BlackElo "2066"]
[PlyCount "84"]
[EventDate "2013.04.30"]
[EventType "tourn"]
[EventRounds "9"]
[EventCountry "EGY"]
[EventCategory "2"]
[SourceTitle "CBM 154 Extra"]
[Source "ChessBase"]
[SourceDate "2013.06.25"]
[SourceVersion "2"]
[SourceVersionDate "2013.06.25"]
[SourceQuality "1"]

1. Nf3 g6 2. g3 Bg7 3. Bg2 Nf6 4. 0-0 0-0 5. c4 d5 6. cxd5 Nxd5 7. Nc3 c6 8. d4 Nb6 9. h3 N8d7 10. Bf4 Nd5 11. Nxd5 cxd5 12. Qb3 Nb6 13. Rfc1 Nc4 14. Qb4 b6 15. b3 a5 16. Qc3 Nd6 17. Ne5 Be6 18. g4 Rc8 19. Qe3 Bxe5 20. dxe5 Nb5 21. Rxc8 Bxc8 22. Rd1 d4 23. Qd3 Ba6 24. Rc1 Nc7 25. Qd2 d3 26. exd3 Nd5 27. Bh6 Re8 28. e6 f6 29. g5 Qd6 30. Qb2 Qxe6 31. Qd4 Rd8 32. gxf6 exf6 33. Rc2 Qe1+ 34. Kh2 Qe6 35. Rc7 Kh8 36. Ra7 Bc8 37. Bg7+ Kg8 38. Bxf6 Rd6 39. Be5 Rd8 40. Bg3 Rd7 41. Rxd7 Qxd7 42. Bxd5+ Kf8 1-0

[Event "Arab Games"]
[Site "Doha"]
[Date "2011.12.19"]
[Round "6"]
[White "Ahmed Holi Ali, Moawia"]
[Black "Ahmed, Ali Layth Ahmed"]
[Result "0-1"]
[WhiteElo "2106"]
[BlackElo "2290"]
[PlyCount "102"]
[EventDate "2011.12.13"]
[EventType "team-swiss"]
[EventRounds "9"]
[EventCountry "QAT"]
[SourceTitle "CBM 145 Extra"]
[Source "ChessBase"]
[SourceDate "2012.01.03"]
[SourceVersion "1"]
[SourceVersionDate "2012.01.03"]
[SourceQuality "1"]
[WhiteTeam "Sudan"]
[BlackTeam "Iraq"]
[WhiteTeamCountry "SUD"]
[BlackTeamCountry "IRQ"]

1. e4 c5 2. Nf3 Nc6 3. d4 cxd4 4. Nxd4 Nf6 5. Nc3 d6 6. Bc4 Qb6 7. Nb3 e6 8. Qe2 Be7 9. Be3 Qc7 10. f4 a6 11. 0-0-0 b5 12. Bd3 Bb7 13. Rhe1 0-0 14. g4 b4 15. Na4 Nd7 16. Kb1 Rfe8 17. Qf2 Rad8 18. g5 Na5 19. Bb6 Nxb6 20. Nxb6 Nxb3 21. cxb3 Qc5 22. Qxc5 dxc5 23. Bc2 Bc6 24. h4 Rd4 25. Rxd4 cxd4 26. Bd3 Rb8 27. Nc4 Bb5 28. Ne5 f6 29. Nc4 fxg5 30. fxg5 Rf8 31. Rf1 h6 32. Rxf8+ Kxf8 33. gxh6 gxh6 34. h5 Kg7 35. e5 Be8 36. Be2 d3 37. Bg4 Bg5 38. a3 Bc6 39. axb4 Bf4 40. Ka2 Kf7 41. Bd1 Ke7 42. Ka1 Bg2 43. Na3 Bf1 44. Nb1 Bxe5 45. Bf3 Bd6 46. b5 axb5 47. Nc3 b4 48. Ne4 Be2 49. Nd2 Bf4 50. Bxe2 dxe2 51. Nf3 Bd2 0-1

[Event "Arab Games"]
[Site "Doha"]
[Date "2011.12.14"]
[Round "2"]
[White "Ahmed Holi Ali, Moawia"]
[Black "Nezad, Husein Aziz"]
[Result "0-1"]
[WhiteElo "2106"]
[BlackElo "2413"]
[PlyCount "112"]
[EventDate "2011.12.13"]
[EventType "team-swiss"]
[EventRounds "9"]
[EventCountry "QAT"]
[SourceTitle "CBM 145 Extra"]
[Source "ChessBase"]
[SourceDate "2012.01.03"]
[SourceVersion "1"]
[SourceVersionDate "2012.01.03"]
[SourceQuality "1"]
[WhiteTeam "Sudan"]
[BlackTeam "Qatar"]
[WhiteTeamCountry "SUD"]
[BlackTeamCountry "QAT"]

1. e4 e5 2. Nf3 Nc6 3. Bc4 Bc5 4. d3 Nf6 5. h3 0-0 6. c3 a6 7. b4 Ba7 8. Bg5 d6 9. Nbd2 Qe7 10. Qe2 Be6 11. 0-0 h6 12. Be3 Bxe3 13. fxe3 Bxc4 14. Nxc4 d5 15. exd5 Nxd5 16. Rac1 Rad8 17. a3 e4 18. Nd4 exd3 19. Qxd3 Ne5 20. Nxe5 Qxe5 21. Rf3 Rfe8 22. Re1 Nxc3 23. Qxc3 Rxd4 24. Qxd4 Qxd4 25. exd4 Rxe1+ 26. Kf2 Rd1 27. Rc3 c6 28. Ke3 g5 29. Rc5 Ra1 30. Rc3 Kg7 31. g4 Re1+ 32. Kd3 f5 33. gxf5 Kf6 34. Rc5 Rh1 35. Re5 Rxh3+ 36. Ke4 Rh4+ 37. Ke3 h5 38. a4 Rh1 39. Rc5 Rf1 40. d5 Rxf5 41. d6 Rd5 42. Ke4 Rxd6 43. Rf5+ Kg6 44. Rf8 Rd7 45. Ke5 h4 46. Rg8+ Rg7 47. Rh8 Re7+ 48. Kd6 Re4 49. Kc5 Kf5 50. Rh7 Kg6 51. Rh8 a5 52. bxa5 Rxa4 53. Rg8+ Kf5 54. Rf8+ Kg4 55. Kb6 Rb4+ 56. Kc7 Rb5 0-1